| 000 | 00639nam a22001937a 4500 | ||
|---|---|---|---|
| 005 | 20240926162238.0 | ||
| 010 | _aENG-141791 | ||
| 020 |
_a9789357317733 _c499.00 |
||
| 035 | _aEN-125323 | ||
| 037 | _bDBAD | ||
| 082 | _a891.4608 | ||
| 100 |
_aBagul, Baburao _972057 |
||
| 245 |
_aLootaloot/ _cBy Baburao Bagul Translated By Manav Kambli |
||
| 260 |
_aGurugram _bHachelle Book Publishing India Pvt Ltd _c2024 |
||
| 270 |
_a4th & 5th Floor, Corporate Centre, Plot No. 94, Sector 44 _bGurugram _e122003 |
||
| 300 |
_a178p. _c20cm.(pb) |
||
| 700 |
_aKambli, Manav _eTranslated _972053 |
||
| 942 |
_2ddc _cEN _h891.4608 _mBAG |
||
| 999 |
_c205950 _d205950 |
||